[Event "ECC"]
[Site "Panormo GRE"]
[Date "2001.09.23"]
[Round "1"]
[White "Ben Menachem,I"]
[Black "Kozul,Z"]
[Result "0-1"]
[WhiteElo "2331"]
[BlackElo "2556"]
[EventDate "2001.09.22"]

1. d4 Nf6 2. Nf3 g6 3. g3 d5 4. Bg2 Bg7 5. c4 dxc4 6. Qa4+ Nfd7 7. O-O Nc6
8. Qxc4 Nb6 9. Qc2 Bg4 10. e3 O-O 11. h3 Be6 12. Bd2 a5 13. Nc3 Nb4 14. Qc1
Qc8 15. Kh2 Bc4 16. Rd1 Nd3 17. Qc2 Nxf2 18. Rg1 Bd3 19. Qb3 Ne4 20. Nd5
Nxd5 21. Qxd3 Nxd2 22. Nxd2 c6 23. a3 e6 24. e4 Nc7 25. Nc4 Qd8 26. e5 Nd5
27. Rad1 a4 28. Rge1 Qc7 29. h4 0-1

[Event "ECC"]
[Site "Panormo GRE"]
[Date "2001.09.23"]
[Round "1"]
[White "Thiede,L"]
[Black "Volkov,S"]
[Result "1/2-1/2"]
[WhiteElo "2410"]
[BlackElo "2578"]
[EventDate "2001.09.22"]

1. g3 d5 2. c4 c6 3. Bg2 dxc4 4. Na3 Nd7 5. Nxc4 Nb6 6. Qc2 Nxc4 7. Qxc4 e5
8. Nf3 Bd6 9. O-O Nf6 10. d4 e4 11. Ng5 Qe7 12. f3 exf3 13. Rxf3 O-O 14. e4
Nxe4 15. Rxf7 Rxf7 16. Bxe4 h6 17. Nxf7 Qxf7 18. Bh7+ Kf8 19. Qd3 Be6 20.
b3 Ke7 21. Be3 Rf8 22. Bg6 Bf5 23. Bxf5 Qxf5 24. Qc4 Qf3 25. Re1 Kd8 26.
Qe2 a6 27. Qxf3 Rxf3 28. Kg2 Rf5 29. g4 Rd5 30. Re2 Be7 31. Kf3 Bf6 32. Ke4
Kd7 33. Rf2 Ke6 34. h3 Rd7 35. Rd2 Bh4 36. Bf4 Rf7 37. Be5 Be7 38. Rd3 g6
39. Bf4 g5 40. Bg3 Rf1 41. Re3 Ra1 42. Re2 Bf6 43. Kd3+ Kd7 44. Rf2 Rg1 45.
Rxf6 Rxg3+ 46. Kc4 Rxh3 47. Rf7+ Kc8 48. Kc5 Rg3 49. Rh7 Rxg4 50. Rxh6 Rg2
51. Rh8+ Kd7 52. Rh7+ Ke6 53. Rxb7 Rc2+ 54. Kb6 g4 55. a4 Rc3 56. Kxa6 Kd5
57. Rg7 g3 58. b4 Rb3 59. b5 cxb5 60. axb5 Ra3+ 61. Kb7 Kxd4 62. b6 Ke4 63.
Kc8 Rc3+ 64. Kd8 Rb3 65. b7 1/2-1/2

[Event "ECC"]
[Site "Panormo GRE"]
[Date "2001.09.23"]
[Round "1"]
[White "Motylev,A"]
[Black "Jirovsky,Pe"]
[Result "1/2-1/2"]
[WhiteElo "2627"]
[BlackElo "2423"]
[EventDate "2001.09.22"]

1. e4 c5 2. Nf3 d6 3. d4 cxd4 4. Nxd4 Nf6 5. Nc3 a6 6. f3 e5 7. Nb3 Be6 8.
Be3 Nbd7 9. g4 h6 10. Qd2 Be7 11. O-O-O b5 12. h4 b4 13. Nd5 Bxd5 14. exd5
Nb6 15. Na5 Nbxd5 16. Nc6 Qc7 17. Nxb4 Nxb4 18. Qxb4 Qc6 19. Qc4 Qxf3 20.
Rh3 Qb7 21. g5 Nd7 22. g6 O-O 23. Rg3 Nf6 24. gxf7+ Rxf7 25. Qe6 Raf8 26.
Bg2 Qc8 27. Bh3 Qb7 28. Bg2 Qc8 29. Qxc8 Rxc8 30. Bh3 Rc4 31. Be6 Rxh4 32.
Rg6 Kf8 33. Rf1 d5 34. Rfg1 d4 35. Bf2 Rf4 36. Be1 e4 37. Bxf7 Kxf7 38.
Rxg7+ Ke6 39. Bg3 Rg4 40. Bh2 Rh4 41. Bg3 Rh3 42. Bf4 Rh4 43. Bg3 Rh3 44.
Bf4 1/2-1/2

[Event "ECC"]
[Site "Panormo GRE"]
[Date "2001.09.23"]
[Round "1"]
[White "Markos,J"]
[Black "Dolmatov,S"]
[Result "1/2-1/2"]
[WhiteElo "2479"]
[BlackElo "2578"]
[EventDate "2001.09.22"]

1. d4 Nf6 2. c4 g6 3. Nc3 Bg7 4. e4 d6 5. Nf3 O-O 6. h3 e5 7. d5 a5 8. Bg5
Na6 9. Be2 Nc5 10. Qc2 c6 11. O-O Bd7 12. Nd2 Qe7 13. Nb3 Nxb3 14. Qxb3 c5
15. Rae1 h6 16. Be3 a4 17. Qc2 Kh7 18. Rb1 Ra6 19. b4 axb3 20. Rxb3 Bc8 21.
Rfb1 Ne8 22. R3b2 f5 23. Na4 Nf6 24. Nb6 Nxe4 25. Bd3 Rxb6 26. Rxb6 Nf6 27.
Bd2 Rf7 28. Qa4 e4 29. Bc2 f4 30. Bxf4 Nd7 31. Bxd6 Nxb6 32. Rxb6 Qg5 33.
Bxc5 Bxh3 34. Bxe4 Qc1+ 35. Kh2 Qf4+ 36. Kxh3 Qxe4 37. Re6 Be5 38. Qd1 Rf5
39. Re7+ Kg8 40. Re8+ Kh7 41. Re7+ Kg8 42. Re8+ 1/2-1/2

[Event "ECC"]
[Site "Panormo GRE"]
[Date "2001.09.23"]
[Round "1"]
[White "Rozentalis,E"]
[Black "Stamenkov,V"]
[Result "1-0"]
[WhiteElo "2588"]
[BlackElo "2378"]
[EventDate "2001.09.22"]

1. e4 d6 2. d4 Nf6 3. Nc3 g6 4. Nf3 Bg7 5. Be2 O-O 6. O-O Bg4 7. Be3 Nc6 8.
Nd2 Bxe2 9. Qxe2 Nd7 10. Nb3 e5 11. d5 Ne7 12. Rad1 f5 13. f4 fxe4 14. Nxe4
Nf5 15. Ng5 Nxe3 16. Qxe3 Qe7 17. Qh3 h6 18. Ne6 Rf5 19. fxe5 Rxf1+ 20.
Rxf1 Nxe5 21. Nbd4 h5 22. Nxg7 Kxg7 23. Ne6+ Kh7 24. Qe3 Kg8 25. h3 a6 26.
b3 Re8 27. c4 c5 28. a4 b6 29. Qh6 Rb8 30. g4 hxg4 31. hxg4 Rc8 32. Kg2 a5
33. Rh1 Kf7 34. Qg7+ 1-0

[Event "ECC"]
[Site "Panormo GRE"]
[Date "2001.09.23"]
[Round "1"]
[White "Arnason,J"]
[Black "Timoshenko,G"]
[Result "0-1"]
[WhiteElo "2528"]
[BlackElo "2554"]
[EventDate "2001.09.22"]

1. Nf3 Nf6 2. c4 e6 3. g3 d5 4. b3 d4 5. e3 c5 6. exd4 cxd4 7. d3 Nc6 8.
Bg2 Be7 9. O-O O-O 10. Re1 h6 11. Na3 Bb4 12. Re2 e5 13. Bb2 Bg4 14. h3 Bh5
15. Qb1 Re8 16. Nc2 e4 17. Nxb4 Nxb4 18. dxe4 d3 19. Re1 Nc2 20. g4 Bg6 21.
Ne5 Nxe1 22. Qxe1 d2 23. Qe2 Bxe4 24. Rd1 Bxg2 25. Kxg2 Qc7 26. f4 Rad8 27.
Rxd2 Rxd2 28. Qxd2 Rd8 29. Qe3 Qa5 30. Bd4 Qxa2+ 31. Kg3 Qb1 32. Bxa7 Ne4+
33. Kh4 g5+ 34. Kh5 Nf6+ 35. Kxh6 Qh7+ 0-1

[Event "ECC"]
[Site "Panormo GRE"]
[Date "2001.09.23"]
[Round "1"]
[White "Baklan,V"]
[Black "Olafsson,H"]
[Result "1-0"]
[WhiteElo "2599"]
[BlackElo "2460"]
[EventDate "2001.09.22"]

1. e4 c5 2. Nf3 d6 3. d4 cxd4 4. Nxd4 Nf6 5. Nc3 a6 6. Bg5 e6 7. f4 Qb6 8.
Nb3 Nbd7 9. Be2 Qc7 10. Bf3 Rb8 11. Qe2 b5 12. O-O-O Be7 13. a3 h6 14. Bh4
g5 15. fxg5 Nh7 16. Bg3 hxg5 17. h4 Rg8 18. Bh5 Ne5 19. Rdf1 Nf6 20. hxg5
Rxg5 21. Bf4 Rg7 22. g4 Qc4 23. Qh2 Nfd7 24. g5 b4 25. Be2 Qc7 26. axb4
Rxb4 27. Qf2 Bxg5 28. Rh8+ Nf8 29. Bxg5 Rxg5 30. Kb1 Qe7 31. Bh5 Rg7 32.
Qd2 Rb6 33. Qd4 Qc7 34. Qe3 Qd8 35. Rd1 Bd7 36. Be2 Neg6 37. Rh5 Rh7 38.
Rxh7 Nxh7 39. Bh5 Ne5 40. Rf1 Nf8 41. Qf2 Bb5 42. Bxf7+ Ke7 43. Nxb5 axb5
44. Nc5 1-0

[Event "ECC"]
[Site "Panormo GRE"]
[Date "2001.09.23"]
[Round "1"]
[White "Kruppa,Y"]
[Black "Edvardsson,K"]
[Result "1-0"]
[WhiteElo "2552"]
[BlackElo "2245"]
[EventDate "2001.09.22"]

1. d4 Nf6 2. c4 e6 3. Nc3 Bb4 4. e3 c5 5. Nge2 cxd4 6. exd4 O-O 7. a3 Be7
8. Nf4 d5 9. cxd5 exd5 10. Be2 Nc6 11. Bf3 Re8 12. O-O Bd6 13. Nfxd5 Nxd5
14. Bxd5 Bf5 15. Be3 Qf6 16. Qh5 g6 17. Qd1 Rad8 18. Qd2 Bb8 19. Bg5 Qd6
20. g3 Rc8 21. Rad1 a6 22. Bf4 Qd7 23. Bxb8 Rxb8 24. Bg2 Rbd8 25. d5 Ne5
26. Qd4 Bh3 27. Ne4 Qf5 28. Bxh3 Nf3+ 29. Kg2 Rxe4 30. Qd3 1-0

[Event "ECC"]
[Site "Panormo GRE"]
[Date "2001.09.23"]
[Round "1"]
[White "Thorfinnsson,Bj"]
[Black "Savchenko,S"]
[Result "0-1"]
[WhiteElo "2220"]
[BlackElo "2549"]
[EventDate "2001.09.22"]

1. d4 d5 2. Nf3 Nf6 3. Bg5 Ne4 4. Bh4 c5 5. e3 Qb6 6. b3 Nc6 7. c3 cxd4 8.
exd4 g6 9. Bd3 Bg7 10. O-O O-O 11. Bxe4 dxe4 12. Nfd2 f5 13. d5 Ne5 14.
Bxe7 Re8 15. d6 Be6 16. Nc4 Nxc4 17. bxc4 Bf8 18. Bxf8 Rxf8 19. Na3 Rad8
20. Rb1 Qc6 21. Qd4 Rxd6 22. Qxa7 Bc8 23. Rbd1 Rfd8 24. Rd4 f4 25. Rfd1 e3
26. fxe3 fxe3 27. Rxd6 Rxd6 28. Rxd6 Qxd6 29. Qxe3 Qxa3 30. c5 Qa4 31. Qe5
Qd7 32. h3 Qe6 33. Qc7 h5 34. a4 Qc6 35. Qe7 Bd7 36. a5 Qd5 37. c4 Qe6 38.
Qd8+ Qe8 39. Qg5 Bc6 40. Kf2 Qe4 41. g4 hxg4 42. hxg4 Kf7 43. Qh4 Qf3+ 0-1

[Event "ECC"]
[Site "Panormo GRE"]
[Date "2001.09.23"]
[Round "1"]
[White "Bator,R"]
[Black "Nikolic,Pr"]
[Result "1/2-1/2"]
[WhiteElo "2403"]
[BlackElo "2652"]
[EventDate "2001.09.22"]

1. d4 Nf6 2. Nf3 e6 3. c4 b6 4. a3 Bb7 5. Nc3 g6 6. Qc2 Bxf3 7. exf3 Bg7 8.
Be3 d5 9. O-O-O c6 10. g4 Nbd7 11. h4 h5 12. cxd5 Nxd5 13. Bg5 Bh6 14. Ne4
hxg4 15. Ba6 Qc7 16. fxg4 Bxg5+ 17. Nxg5 N7f6 18. Kb1 Kf8 19. Be2 Rc8 20.
Ka1 Qf4 21. Nh3 Qd6 22. Ng5 a5 23. h5 gxh5 24. gxh5 Ke7 25. Rdg1 Qf4 26.
Ba6 Rcg8 27. Nh3 Rxg1+ 28. Rxg1 Qh2 29. Bf1 Rxh5 30. Rg7 Qh1 31. Rg1 Qe4
32. Qxc6 Qxd4 33. Qb7+ Nd7 34. Bb5 N5f6 35. Bxd7 Qxd7 36. Qf3 Qd5 37. Qg3
Qc6 38. Ng5 Rh1 39. f3 Rxg1+ 40. Qxg1 a4 41. Qg3 Qc1+ 42. Ka2 Qc4+ 43. Ka1
b5 44. Qg1 Qd5 45. Qg3 Qd4 46. Qe1 Qf4 47. Qg1 Nd7 48. Ne4 Kf8 49. Qh1 Nb6
50. Qh8+ Ke7 51. Qc3 Nd7 52. Qb4+ Kd8 53. Qa5+ Ke7 54. Qb4+ Kd8 55. Qa5+
Ke7 1/2-1/2

[Event "ECC"]
[Site "Panormo GRE"]
[Date "2001.09.23"]
[Round "1"]
[White "Hedman,E"]
[Black "Yemelin,V"]
[Result "1/2-1/2"]
[WhiteElo "2354"]
[BlackElo "2507"]
[EventDate "2001.09.22"]

1. d4 Nf6 2. c4 e6 3. Nc3 Bb4 4. e3 b6 5. Nge2 Ba6 6. Ng3 O-O 7. e4 Nc6 8.
Bg5 h6 9. h4 hxg5 10. hxg5 g6 11. e5 Nh7 12. Qg4 Nxg5 13. Nge4 Kg7 14. Nxg5
Rh8 15. Rxh8 Qxh8 16. Qf4 Rf8 17. Qf6+ Kg8 18. Qxh8+ Kxh8 19. O-O-O Bxc3
20. bxc3 Na5 21. c5 Bb7 22. cxb6 axb6 1/2-1/2

[Event "ECC"]
[Site "Panormo GRE"]
[Date "2001.09.23"]
[Round "1"]
[White "Palac,M"]
[Black "Hermansson,E"]
[Result "1-0"]
[WhiteElo "2578"]
[BlackElo "2381"]
[EventDate "2001.09.22"]

1. e4 c6 2. d4 d5 3. exd5 cxd5 4. c4 Nf6 5. Nc3 e6 6. Nf3 Bb4 7. cxd5 Nxd5
8. Bd2 Nc6 9. Bd3 Be7 10. O-O O-O 11. Qe2 Nf6 12. Ne4 Qb6 13. a3 Bd7 14. b4
Rad8 15. Nc5 Be8 16. Rfc1 a6 17. Rab1 Na7 18. a4 Bc6 19. Ne5 Rxd4 20. Be3
Rd5 21. Nxc6 Qxc6 22. Ne4 Qd7 23. Nxf6+ Bxf6 24. Be4 Nc6 25. Bxd5 exd5 26.
b5 axb5 27. Qxb5 d4 28. Bd2 Qe6 29. Qxb7 Ne5 30. a5 Nd3 31. Rd1 Qe2 32. Qf3
Qxf3 33. gxf3 Ra8 34. Rb5 Ne5 35. Rdb1 1-0

[Event "ECC"]
[Site "Panormo GRE"]
[Date "2001.09.23"]
[Round "1"]
[White "Dzjuba,V"]
[Black "Kindermann,S"]
[Result "1/2-1/2"]
[WhiteElo "2273"]
[BlackElo "2520"]
[EventDate "2001.09.22"]

1. e4 e6 2. d4 d5 3. Nc3 Bb4 4. e5 c5 5. a3 Bxc3+ 6. bxc3 Ne7 7. Nf3 Qc7 8.
h4 b6 9. h5 h6 10. Bb5+ Bd7 11. Bd3 Nbc6 12. O-O O-O 13. Be3 cxd4 14. cxd4
f6 15. exf6 Rxf6 16. Ne5 Nxe5 17. dxe5 Rff8 18. f4 Ba4 19. Qg4 Qd7 20. Rab1
Rac8 21. Rb2 Nf5 22. Bd2 a5 23. Kh2 Qe7 24. Rc1 Rc6 25. Rcb1 Qxa3 26. Rxb6
Bxc2 27. Rxc6 Bxd3 28. Rb7 Kh8 29. Rxe6 Be4 1/2-1/2

[Event "ECC"]
[Site "Panormo GRE"]
[Date "2001.09.23"]
[Round "1"]
[White "Neiksans,A"]
[Black "Luther,T"]
[Result "1/2-1/2"]
[WhiteElo "2435"]
[BlackElo "2604"]
[EventDate "2001.09.22"]

1. e4 e6 2. d4 d5 3. e5 c5 4. c3 Nc6 5. Nf3 Nge7 6. Bd3 cxd4 7. cxd4 Nf5 8.
Bxf5 exf5 9. Nc3 Be6 10. Ne2 Be7 11. h4 h6 12. h5 Rc8 13. O-O O-O 14. Bd2
Na5 15. Bc3 b5 16. b3 Qb6 17. Qd2 b4 18. Bb2 Rc6 19. Rfc1 Rfc8 20. Nf4 Qb5
21. Rxc6 Nxc6 22. Nd3 a5 23. a4 bxa3 24. Bxa3 Nb4 25. Bxb4 axb4 26. Rc1
Rxc1+ 27. Nxc1 Qa6 28. Ne1 Qa1 29. f4 Bd7 30. Nc2 Qb1 31. Kh2 Bb5 32. Nxb4
Bxb4 33. Qxb4 Qxc1 34. Qxb5 Qxf4+ 35. g3 Qf2+ 36. Kh3 Qf3 37. Kh2 Qf2+ 38.
Kh3 Qf3 39. Kh2 Qxh5+ 40. Kg2 f4 41. gxf4 Qg4+ 42. Kh1 Qf3+ 43. Kg1 g6 44.
b4 Qxf4 45. Qxd5 Qc1+ 46. Kh2 Qd2+ 47. Kg1 Qxb4 48. Qd8+ Kh7 49. d5 Qg4+
50. Kh1 h5 51. e6 Qh3+ 52. Kg1 Qg3+ 53. Kf1 Qf3+ 54. Kg1 Qg3+ 55. Kf1
1/2-1/2

[Event "ECC"]
[Site "Panormo GRE"]
[Date "2001.09.23"]
[Round "1"]
[White "Stanec,N"]
[Black "Starostits,I"]
[Result "1-0"]
[WhiteElo "2530"]
[BlackElo "2411"]
[EventDate "2001.09.22"]

1. c4 e6 2. d4 d5 3. Nc3 Nf6 4. Bg5 c6 5. e3 Be7 6. cxd5 Nxd5 7. Bxe7 Qxe7
8. Nf3 Nd7 9. Be2 O-O 10. O-O b6 11. Nxd5 exd5 12. Qa4 Bb7 13. Ba6 Bxa6 14.
Qxa6 f5 15. Rac1 Qd6 16. Rc3 c5 17. Rfc1 Rf6 18. g3 Rh6 19. Qb7 Rf8 20.
Qxa7 c4 21. b3 b5 22. bxc4 dxc4 23. a4 Qd5 24. axb5 Nf6 25. Ne5 Ne4 26.
R3c2 Ng5 27. Qc5 Qe4 28. Qxc4+ Kh8 29. Nf7+ Nxf7 30. Qxf7 Rf6 31. Qd7 1-0

[Event "ECC"]
[Site "Panormo GRE"]
[Date "2001.09.23"]
[Round "1"]
[White "Avrukh,B"]
[Black "Azarov,S"]
[Result "1-0"]
[WhiteElo "2598"]
[BlackElo "2461"]
[EventDate "2001.09.22"]

1. d4 d5 2. c4 e6 3. Nf3 Nf6 4. g3 Be7 5. Bg2 O-O 6. O-O Nbd7 7. Qc2 c6 8.
Rd1 Ne4 9. Ne5 Nd6 10. Nd2 Qe8 11. b3 f6 12. Nd3 dxc4 13. bxc4 e5 14. e3
Nf7 15. Bb2 c5 16. Nb3 Kh8 17. dxc5 Nd8 18. Nb4 Nxc5 19. Nxc5 Bxc5 20. Na6
Bb6 21. c5 Ba5 22. Bc3 Bxc3 23. Qxc3 Ne6 24. Rd6 Qe7 25. Nb4 Nc7 26. a4 Rb8
27. h3 Be6 28. Rd2 a5 29. Nd3 Rfd8 30. Qxa5 Nd5 31. Rdd1 Ra8 32. Qe1 e4 33.
Bxe4 Bxh3 34. Bf3 Be6 35. Rdb1 Qd7 36. Nb4 Ne7 37. a5 Ng6 38. a6 Ne5 39.
Bxb7 Bg4 40. Nc2 Nf3+ 41. Bxf3 Bxf3 42. Nd4 Be4 43. Rb2 Qd5 44. Qe2 Qxc5
45. Ne6 Rxa6 46. Rxa6 Qc1+ 47. Qf1 Rc8 48. Rab6 1-0

[Event "ECC"]
[Site "Panormo GRE"]
[Date "2001.09.23"]
[Round "1"]
[White "Greenfeld,A"]
[Black "Zhigalko,A"]
[Result "0-1"]
[WhiteElo "2571"]
[BlackElo "2400"]
[EventDate "2001.09.22"]

1. d4 d5 2. c4 dxc4 3. e4 Nc6 4. Be3 Nf6 5. f3 e5 6. d5 Nd4 7. Bxd4 exd4 8.
Qxd4 c6 9. Bxc4 cxd5 10. Bb5+ Bd7 11. Bxd7+ Qxd7 12. e5 Qe6 13. Nc3 Rc8 14.
Nge2 Bc5 15. Qa4+ Nd7 16. O-O-O O-O 17. Nxd5 Nxe5 18. Nec3 Rfd8 19. Kb1
Qg6+ 20. Ne4 Qxg2 21. Qb3 Nxf3 22. Nxc5 Qxh1 23. Qd3 Ne1 24. Qf5 Qf3 25.
Qxf3 Nxf3 26. Nxb7 Kf8 27. Nxd8 Rxd8 28. h3 h5 29. Kc2 g5 30. Nf6 Rxd1 31.
Kxd1 h4 32. b4 Ke7 33. Nd5+ Kd6 34. Ne3 Ke5 35. a4 Ke4 36. Nf1 f5 37. b5 g4
38. hxg4 fxg4 39. a5 g3 0-1

[Event "ECC"]
[Site "Panormo GRE"]
[Date "2001.09.23"]
[Round "1"]
[White "Litvinov,Vl"]
[Black "Golod,V"]
[Result "1/2-1/2"]
[WhiteElo "2317"]
[BlackElo "2514"]
[EventDate "2001.09.22"]

1. d4 Nf6 2. c4 g6 3. Nf3 Bg7 4. g3 c6 5. Bg2 d5 6. Qb3 O-O 7. Nc3 Qb6 8.
c5 Qxb3 9. axb3 Na6 10. O-O Bf5 11. Ne5 Nc7 12. f3 Nd7 13. Nxd7 Bxd7 14.
Rd1 e5 15. dxe5 Bxe5 16. e4 Be6 17. f4 Bxc3 18. bxc3 dxe4 19. Bxe4 Bxb3 20.
Rd7 Rfe8 21. Bf3 Rac8 22. f5 Bd5 23. Bxd5 Nxd5 24. Bh6 gxf5 25. Rxb7 Re6
26. Bf4 Nxf4 27. gxf4 Rd8 28. Rbxa7 Rd5 29. R7a5 Re2 30. R5a2 Rxa2 31. Rxa2
Rxc5 32. Rg2+ Kh8 33. Rg3 Rc4 34. Rf3 Re4 35. Kg2 c5 36. Kg3 c4 37. Kh4 h6
38. Kh5 Kh7 39. h4 Kg7 40. Rg3+ Kf6 41. Rf3 Re8 42. Rf1 Re3 43. Ra1 Rxc3
44. Ra6+ Kg7 45. Rc6 Rc1 46. Rxc4 Rxc4 1/2-1/2

[Event "ECC"]
[Site "Panormo GRE"]
[Date "2001.09.23"]
[Round "1"]
[White "Babula,V"]
[Black "Gunnarsson,J"]
[Result "1/2-1/2"]
[WhiteElo "2566"]
[BlackElo "2404"]
[EventDate "2001.09.22"]

1. d4 d5 2. c4 c6 3. Nf3 Nf6 4. Nc3 dxc4 5. a4 Be6 6. a5 g6 7. e4 Bg7 8.
Ng5 Bg4 9. f3 Bc8 10. Bxc4 O-O 11. Qb3 e6 12. Be3 Qe7 13. O-O Nbd7 14. Na4
Rb8 15. e5 Nd5 16. Ne4 Nxe3 17. Qxe3 b5 18. axb6 axb6 19. Nac3 c5 20. f4
cxd4 21. Qxd4 Nc5 22. Qd6 Qxd6 23. Nxd6 Rd8 24. Ra7 Rd7 25. Rfa1 Rxa7 26.
Rxa7 Bf8 27. Nxf7 Nb7 28. Nd6 Nxd6 29. exd6 Bxd6 30. Ne4 Bxf4 31. Nf6+ Kf8
32. Nxh7+ Ke8 33. Bb5+ Kd8 34. Nf8 g5 35. g3 Bd6 36. Nh7 Bc5+ 37. Kg2 g4
38. Bc6 b5 39. Rg7 Rb6 40. Be4 Rd6 41. h4 gxh3+ 42. Kxh3 Rd2 1/2-1/2

[Event "ECC"]
[Site "Panormo GRE"]
[Date "2001.09.23"]
[Round "1"]
[White "Jonsson,B"]
[Black "Schandorff,L"]
[Result "1/2-1/2"]
[WhiteElo "2395"]
[BlackElo "2551"]
[EventDate "2001.09.22"]

1. e4 e5 2. Nf3 Nf6 3. Nxe5 d6 4. Nf3 Nxe4 5. d4 d5 6. Bd3 Nc6 7. O-O Be7
8. c4 Nb4 9. cxd5 Nxd3 10. Qxd3 Qxd5 11. Re1 Bf5 12. Ne5 f6 13. Nc3 Nxc3
14. Qxf5 Nb5 15. Qg4 Nxd4 16. Nd3 Kf7 17. Nf4 Qf5 18. Rxe7+ Kxe7 19. Qxg7+
Kd6 20. Be3 Rhg8 21. Qf7 c5 22. Qxb7 Rgb8 23. Qa6+ Rb6 24. Qa3 Kc7 25. Bxd4
cxd4 26. Qe7+ Kb8 27. Rc1 Rc6 28. Qe8+ Rc8 29. Rxc8+ Qxc8 30. Qb5+ Qb7 31.
Qe8+ Qc8 32. Qb5+ Qb7 33. Qe8+ 1/2-1/2

[Event "ECC"]
[Site "Panormo GRE"]
[Date "2001.09.23"]
[Round "1"]
[White "Meins,G"]
[Black "Sigfusson,S"]
[Result "1-0"]
[WhiteElo "2415"]
[BlackElo "2284"]
[EventDate "2001.09.22"]

1. d4 Nf6 2. c4 g6 3. Nc3 d5 4. Bf4 Bg7 5. e3 c5 6. dxc5 Qa5 7. Rc1 dxc4 8.
Bxc4 O-O 9. Nf3 Qxc5 10. Bb3 Nc6 11. O-O Qa5 12. h3 Bf5 13. Qe2 Ne4 14. Nd5
e5 15. Bg5 Kh8 16. Be7 Rfe8 17. Ba3 Rad8 18. Rfd1 Be6 19. Qc2 f5 20. Nc3
Nxc3 21. Rxd8 Qxd8 22. Bxe6 Rxe6 23. Qxc3 e4 24. Qb3 Re8 25. Rd1 Qb6 26.
Qf7 Rg8 27. Ng5 Ne5 28. Qe7 Qf6 29. Qxe5 Qxg5 30. Qc7 b6 31. Qxa7 f4 32.
exf4 Qxf4 33. Qxb6 Be5 34. Bd6 Qh2+ 35. Kf1 e3 36. Bxe5+ Qxe5 37. Qxe3 Qxb2
38. Qd4+ Qxd4 39. Rxd4 Ra8 40. a4 Kg7 41. Rf4 g5 42. Rg4 Kg6 43. h4 h6 44.
hxg5 hxg5 45. Ke2 Kf5 46. f3 1-0

[Event "ECC"]
[Site "Panormo GRE"]
[Date "2001.09.23"]
[Round "1"]
[White "Pelletier,Y"]
[Black "Thorsteinsson,T"]
[Result "1/2-1/2"]
[WhiteElo "2531"]
[BlackElo "2324"]
[EventDate "2001.09.22"]

1. Nf3 d6 2. d4 f5 3. g3 Nf6 4. Bg2 g6 5. O-O Bg7 6. b4 O-O 7. c4 c6 8. Bb2
Kh8 9. Nbd2 d5 10. Qc2 Be6 11. Ne1 Ne4 12. c5 a5 13. bxa5 Qxa5 14. Nb3 Qa4
15. f3 Nf6 16. Nd3 Nbd7 17. Bc3 Bh6 18. a3 Kg7 19. Nb2 Qa6 20. a4 Be3+ 21.
Kh1 f4 22. Nd1 Qc4 23. gxf4 Bxf4 24. e3 Bc7 25. Re1 Qa6 26. Bf1 Qa7 27. Bd3
Nh5 28. f4 Bf5 29. Nf2 Kg8 30. Rg1 e6 31. a5 Qb8 32. Be1 Qd8 33. Ng4 Ndf6
34. Bxf5 exf5 35. Ne5 Ne4 36. Qe2 Bxe5 37. dxe5 Ng7 38. Nd4 Qc8 39. Rb1 Rf7
40. Bb4 Ne6 41. Qc2 1/2-1/2

[Event "ECC"]
[Site "Panormo GRE"]
[Date "2001.09.23"]
[Round "1"]
[White "Banikas,H"]
[Black "Quinn,M"]
[Result "1/2-1/2"]
[WhiteElo "2531"]
[BlackElo "2386"]
[EventDate "2001.09.22"]

1. d4 Nf6 2. c4 e6 3. Nf3 c5 4. d5 exd5 5. cxd5 d6 6. e4 g6 7. h3 Bg7 8.
Bd3 O-O 9. O-O Nbd7 10. Re1 Re8 11. Na3 Nb6 12. Rb1 Nfd7 13. Bg5 Bf6 14.
Bf4 Ne5 15. Nxe5 Bxe5 16. Bxe5 Rxe5 17. Qd2 Bd7 18. b4 Rc8 19. bxc5 Rxc5
20. Nb5 Bxb5 21. Rxb5 Rxb5 22. Bxb5 a6 23. Bd3 1/2-1/2

[Event "ECC"]
[Site "Panormo GRE"]
[Date "2001.09.23"]
[Round "1"]
[White "Halkias,S"]
[Black "Barber,H"]
[Result "1-0"]
[WhiteElo "2505"]
[BlackElo "2319"]
[EventDate "2001.09.22"]

1. d4 f5 2. Bg5 d5 3. Nd2 Nf6 4. Bxf6 exf6 5. e3 Be6 6. Bd3 Nd7 7. Ne2 g6
8. Nf4 Bf7 9. c4 c6 10. cxd5 cxd5 11. Qb3 Qa5 12. a3 O-O-O 13. Qa2 Nb6 14.
b4 Qa4 15. O-O Kb8 16. Rfc1 Bd6 17. Bc2 Qe8 18. Nd3 Nc4 19. Bb3 Rc8 20. Nc5
f4 21. exf4 Bxf4 22. Re1 Qd8 23. Nxc4 dxc4 24. Bxc4 Bxc4 25. Qxc4 b6 26.
Qb5 Ka8 27. Ne6 Qd6 28. g3 Bh6 29. d5 Rc3 30. Nd4 Rd8 31. Re8 Kb7 32. Rae1
Rxe8 33. Qxe8 Rc8 34. Nb5 Qd8 35. Qf7+ 1-0

[Event "ECC"]
[Site "Panormo GRE"]
[Date "2001.09.23"]
[Round "1"]
[White "Ahn,M"]
[Black "Zoler,D"]
[Result "0-1"]
[WhiteElo "2340"]
[BlackElo "2507"]
[EventDate "2001.09.22"]

1. e4 e5 2. Nf3 Nc6 3. Bb5 a6 4. Ba4 Nf6 5. O-O Be7 6. Re1 b5 7. Bb3 d6 8.
c3 O-O 9. d4 Bg4 10. d5 Na5 11. Bc2 c6 12. h3 Bc8 13. dxc6 Qc7 14. a4 Qxc6
15. axb5 axb5 16. Nbd2 Bb7 17. Nf1 Nc4 18. Rxa8 Rxa8 19. Ng3 Ra1 20. Qd3
Bf8 21. Rd1 Ra2 22. b3 Na3 23. Bxa3 Rxa3 24. Nh2 Ra8 25. Ng4 Nxg4 26. hxg4
g6 27. b4 Ra3 28. Ne2 Bc8 29. f3 Be6 30. Qe3 Be7 31. Kh2 Kg7 32. g5 Bc4 33.
Bd3 Bxd3 34. Rxd3 Qc4 35. Nc1 Ra1 36. Rd1 Qc7 37. g3 Ra3 38. Ne2 Qc4 39.
Rd2 Qxb4 40. f4 Qc5 41. Qf3 b4 42. Rd5 Qc4 43. f5 Bxg5 44. Rxd6 Ra2 45. f6+
Kh6 46. Rd3 Bxf6 47. cxb4 Kg7 48. Kh3 Qc2 49. Rd6 Be7 50. Rd7 Kf8 51. Qc3
Qxe2 52. Qxe5 Qh2+ 53. Kg4 h5+ 0-1

[Event "ECC"]
[Site "Panormo GRE"]
[Date "2001.09.23"]
[Round "1"]
[White "Bitansky,I"]
[Black "Plumanns,D"]
[Result "1-0"]
[WhiteElo "2363"]
[BlackElo "2199"]
[EventDate "2001.09.22"]

1. e4 c6 2. d4 d5 3. e5 Bf5 4. c3 e6 5. Be3 Nd7 6. Nd2 Ne7 7. f4 f6 8. Ngf3
c5 9. Bb5 Nc6 10. Nh4 fxe5 11. Nxf5 exd4 12. Nxd4 cxd4 13. cxd4 Bd6 14. O-O
O-O 15. Qg4 Qe7 16. Nf3 Nf6 17. Qh3 Ne4 18. Ne5 Nb4 19. Ba4 b5 20. Bxb5
Rab8 21. Ba4 Bxe5 22. dxe5 Nd3 23. Bc2 Nxb2 24. Rac1 Rfc8 25. f5 exf5 26.
Bxe4 Rxc1 27. Bxd5+ Kh8 28. Rxc1 Qxe5 29. Qg3 Qe8 30. Bd4 Qf8 31. Bxb2 1-0

[Event "ECC"]
[Site "Panormo GRE"]
[Date "2001.09.23"]
[Round "1"]
[White "Finkel,A"]
[Black "Meessen,R"]
[Result "1-0"]
[WhiteElo "2485"]
[BlackElo "2323"]
[EventDate "2001.09.22"]

1. e4 e6 2. d4 d5 3. exd5 exd5 4. Nf3 Bd6 5. c4 c6 6. Nc3 Ne7 7. Bd3 dxc4
8. Bxc4 O-O 9. O-O Nd7 10. h3 Nb6 11. Bb3 Nbd5 12. Re1 Bf5 13. Ne5 f6 14.
Nc4 Bc7 15. Qf3 Kh8 16. Bd2 Qd7 17. Ne4 Rae8 18. Nc5 Qc8 19. Rac1 Bb8 20.
Ne3 Nxe3 21. Rxe3 Qc7 22. g3 Bxh3 23. Rce1 Qd8 24. g4 Qxd4 25. Ne6 Qxd2 26.
Nxf8 Rxf8 27. Rxe7 Qb4 28. Re8 Bxg4 29. Rxf8+ Qxf8 30. Qxg4 Be5 31. Qe6 g5
32. Rxe5 1-0

[Event "ECC"]
[Site "Panormo GRE"]
[Date "2001.09.23"]
[Round "1"]
[White "Kishnev,S"]
[Black "Gofshtein,Z"]
[Result "1/2-1/2"]
[WhiteElo "2498"]
[BlackElo "2518"]
[EventDate "2001.09.22"]

1. d4 Nf6 2. c4 e6 3. Nf3 b6 4. g3 Ba6 5. b3 b5 6. cxb5 Bxb5 7. Bg2 d5 8.
Ba3 Bd6 9. O-O a5 10. Ne5 Nbd7 11. Nc3 Ba6 12. Nc6 Qc8 13. Qc1 Bb7 14. Nb5
Bxa3 15. Nxa3 Ra6 16. Ne5 O-O 17. Nd3 c6 18. Rd1 Qd8 19. Rd2 Qb6 20. e3 Rc8
21. Rc2 Raa8 22. Nb2 Qd8 23. Na4 Qe7 24. Qb2 Re8 25. Rd1 h5 26. Nb1 e5 27.
Qa3 Qd8 28. Nd2 exd4 29. exd4 h4 30. Bh3 hxg3 31. hxg3 Nf8 32. Nf3 Ng6 33.
Bf5 Ne7 34. Bd3 Ne4 35. Nc5 Qd6 36. Bxe4 dxe4 37. Ne5 Nf5 38. Nc4 Qg6 39.
Nxb7 e3 40. fxe3 Nxg3 41. Rdd2 Re6 42. Ne5 Qg5 43. Rxc6 Qxe3+ 44. Rf2 Qe4
45. Kh2 Qd5 46. Qb2 1/2-1/2

[Event "ECC"]
[Site "Panormo GRE"]
[Date "2001.09.23"]
[Round "1"]
[White "Petzold,K"]
[Black "Stisis,Y"]
[Result "0-1"]
[WhiteElo "2269"]
[BlackElo "2391"]
[EventDate "2001.09.22"]

1. c4 e5 2. Nc3 Bb4 3. Nd5 Be7 4. d4 d6 5. g3 c6 6. Nxe7 Qxe7 7. Bg2 Nf6 8.
Bg5 Nbd7 9. Nf3 c5 10. dxc5 dxc5 11. O-O h6 12. Bxf6 Nxf6 13. Ne1 O-O 14.
Nc2 Rd8 15. Qc1 Be6 16. b3 Rd7 17. Rd1 Rad8 18. Rxd7 Qxd7 19. Ne3 Qc7 20.
Qc2 Rd4 21. Nd1 Qd7 22. Nc3 Bf5 23. Qc1 Bh3 24. Qe3 e4 25. Re1 b6 26. Nxe4
Nxe4 27. Bxe4 Rd1 28. Qc3 Qd4 0-1